| 000 | 00494nam a2200193Ia 4500 | ||
|---|---|---|---|
| 003 | OSt | ||
| 005 | 20230609115026.0 | ||
| 008 | 210423s2005 xx 000 0 und d | ||
| 040 | _cAL | ||
| 082 |
_a305.231 PANK _223 |
||
| 100 |
_aPANKAJAM (G) _9123278 |
||
| 245 | _aKnow your child | ||
| 260 |
_aNew Delhi _bConcept publishing company _c2005 |
||
| 365 | _cINR | ||
| 650 |
_aSocial Groups _9123279 |
||
| 650 |
_aSocial Sciences _9123280 |
||
| 906 | _achild ; Know ; your | ||
| 942 |
_2ddc _cBK |
||
| 999 |
_c174247 _d174247 |
||